[Event "First Saturday 2008 szeptember FM"]
[Site "Budapest"]
[Date "2008.09.16"]
[Round "11"]
[White "Zoltan, Andras"]
[Black "Mendege, Andras"]
[Result "1/2-1/2"]
[WhiteElo "2078"]
[BlackElo "1876"]
[PlyCount "53"]
[EventDate "2008.09.06"]

1. e4 e6 2. d3 d5 3. Nd2 c5 4. Ngf3 Nc6 5. g3 g6 6. Bg2 Bg7 7. O-O Nge7 8. c3
O-O 9. Nb3 b6 10. Re1 Bb7 11. Bf4 dxe4 12. dxe4 e5 13. Bg5 f6 14. Be3 Qxd1 15.
Raxd1 Rad8 16. Nfd2 Ba6 17. Bf1 Bxf1 18. Kxf1 Kf7 19. Nc4 Ke6 20. a4 Rxd1 21.
Rxd1 Rd8 22. Rxd8 Nxd8 23. a5 Nc8 24. f3 Nf7 25. axb6 axb6 26. Na3 Nfd6 27. Ke2
1/2-1/2

[Event "First Saturday 2008 szeptember FM"]
[Site "Budapest"]
[Date "2008.09.16"]
[Round "11"]
[White "Greeff, Melissa"]
[Black "Borda, Lajos"]
[Result "0-1"]
[WhiteElo "1965"]
[BlackElo "2149"]
[PlyCount "58"]
[EventDate "2008.09.06"]

1. e4 c5 2. Nf3 a6 3. d4 cxd4 4. Nxd4 Nf6 5. Nc3 e5 6. Nf3 Bb4 7. Bc4 Qc7 8.
Qd3 b5 9. Bb3 Bb7 10. Bd2 d6 11. Nd5 Nxd5 12. Bxd5 Bc5 13. O-O Nc6 14. c3 O-O
15. Nh4 Nd8 16. Bxb7 Nxb7 17. Nf5 Kh8 18. Kh1 g6 19. Ne3 Bxe3 20. Qxe3 f5 21.
f4 Qc4 22. exf5 Rxf5 23. Rf3 e4 24. Rh3 Nc5 25. Qg3 Qf7 26. Qe3 Kg8 27. Kg1 Re8
28. c4 Qxc4 29. b3 Qd3 0-1

[Event "First Saturday 2008 szeptember FM"]
[Site "Budapest"]
[Date "2008.09.16"]
[Round "11"]
[White "Zilahi, Gabor"]
[Black "Lakat, Gyula"]
[Result "0-1"]
[WhiteElo "2013"]
[BlackElo "1920"]
[PlyCount "84"]
[EventDate "2008.09.06"]

1. d4 Nf6 2. Bg5 c5 3. Bxf6 exf6 4. d5 d6 5. g3 g6 6. Nd2 b5 7. c4 a6 8. Qb3
Qa5 9. e4 b4 10. f4 Bg7 11. Ngf3 Ra7 12. Kf2 O-O 13. Bd3 Re7 14. a3 Qb6 15.
axb4 cxb4+ 16. Kg2 Nd7 17. Qd1 Nc5 18. Bc2 Rfe8 19. Re1 f5 20. exf5 Rxe1 21.
Nxe1 Bxb2 22. fxg6 hxg6 23. Rb1 Bc3 24. Nef3 a5 25. Ng5 Qd8 26. Nde4 Nxe4 27.
Nxe4 Bg7 28. Qf3 Qd7 29. f5 Qxf5 30. Bd3 Qxf3+ 31. Kxf3 Be5 32. g4 Kg7 33. c5
dxc5 34. Nxc5 Bd4 35. Ne4 Bb7 36. Bc4 Rd8 37. Rd1 Be5 38. h3 Rc8 39. Bb5 f5 40.
gxf5 gxf5 41. Ng5 Kf6 42. h4 Rc5 0-1

[Event "First Saturday 2008 szeptember FM"]
[Site "Budapest"]
[Date "2008.09.16"]
[Round "11"]
[White "Havaskori, Laszlo"]
[Black "Darazs, Zoltan"]
[Result "0-1"]
[WhiteElo "2032"]
[BlackElo "2245"]
[PlyCount "85"]
[EventDate "2008.09.06"]

1. c4 Nf6 2. Nc3 d5 3. cxd5 Nxd5 4. g3 g6 5. Bg2 Nb6 6. d3 Bg7 7. Nf3 Nc6 8.
O-O O-O 9. a4 Nb4 10. Nd2 c6 11. a5 N6d5 12. Qb3 Rb8 13. Nc4 Bg4 14. Re1 Be6
15. Ne4 Na6 16. Bd2 h6 17. Qa3 Ndc7 18. Be3 Nb5 19. Qa4 Nd4 20. Ned2 g5 21.
Rac1 Nc5 22. Qa3 Na6 23. Qa4 Bd5 24. Nb3 Nb5 25. Rc2 f5 26. f4 Bxg2 27. Kxg2
Qd5+ 28. Kg1 gxf4 29. gxf4 Kh7 30. Ncd2 Rg8 31. Kf2 Bc3 32. Nf3 Bxe1+ 33. Kxe1
Qd6 34. Nbd4 Qb4+ 35. Qxb4 Nxb4 36. Rc4 Nd5 37. Kd2 Nd6 38. Rc5 Rg2 39. Ne6 Kg8
40. Rxd5 cxd5 41. Bxa7 Rc8 42. Bb6 Ne8 43. Ba7 0-1